| 000 | 00914na a2200289 4500 | ||
|---|---|---|---|
| 001 | 21467 | ||
| 003 | MIRAKIL | ||
| 005 | 20181213155222.0 | ||
| 008 | 170511b tu 000 0 | ||
| 020 | _a9786054777242 | ||
| 035 | _a18244 | ||
| 040 |
_aMilas _btur _cTR-AnCHP |
||
| 041 | _atur | ||
| 082 |
_a327.561 _bS23d 2013 |
||
| 090 | _a327.561 S23d 2013 | ||
| 100 |
_aSağlar, Fikri _d1953- |
||
| 245 |
_aDışarıdan _bOrtadoğu'dan Avrupa'ya, dünya aynasında Türkiye _cFikri Sağlar |
||
| 246 | _aOrtadoğu'dan Avrupa'ya, dünya aynasında Türkiye | ||
| 260 |
_aİstanbul _bSiyah Beyaz Kitap _c2013 |
||
| 300 |
_a94 s. _c21 sm. |
||
| 500 | _aYapıt yazarından imzalıdır. | ||
| 610 |
_aAKP _bSiyaset ve Yönetim _b2002- |
||
| 610 |
_aAKP _bDış politikalar _b2010- |
||
| 650 |
_aUluslararası ilişkiler _xOrtadoğu _zTürkiye |
||
| 651 |
_aTürkiye _v2010- _vSiyasi koşullar |
||
| 942 |
_2dcc _cBKS |
||
| 999 |
_c8703 _d8703 |
||